<?xml version="1.0" encoding="UTF-8"?>
<collection xmlns="http://www.loc.gov/MARC21/slim">
 <record>
  <leader>01197nab a2200205 i 4500</leader>
  <controlfield tag="001">acta11898</controlfield>
  <controlfield tag="005">20210127084720.0</controlfield>
  <controlfield tag="008">161015s2012    hu      o     0||   eng d</controlfield>
  <datafield tag="022" ind1=" " ind2=" ">
   <subfield code="a">1788-6392</subfield>
  </datafield>
  <datafield tag="040" ind1=" " ind2=" ">
   <subfield code="a">SZTE Egyetemi Kiadványok Repozitórium</subfield>
   <subfield code="b">hun</subfield>
  </datafield>
  <datafield tag="041" ind1=" " ind2=" ">
   <subfield code="a">eng</subfield>
  </datafield>
  <datafield tag="100" ind1="1" ind2=" ">
   <subfield code="a">Sipos Péter</subfield>
  </datafield>
  <datafield tag="245" ind1="1" ind2="0">
   <subfield code="a">Evaluation of food additives on the rheologic properties of winter wheat flours</subfield>
   <subfield code="h">[elektronikus dokumentum] /</subfield>
   <subfield code="c"> Sipos Péter</subfield>
  </datafield>
  <datafield tag="260" ind1=" " ind2=" ">
   <subfield code="c">2012</subfield>
  </datafield>
  <datafield tag="300" ind1=" " ind2=" ">
   <subfield code="a">74-79</subfield>
  </datafield>
  <datafield tag="490" ind1="0" ind2=" ">
   <subfield code="a">Review of faculty of engineering : analecta technica Szegedinensia</subfield>
  </datafield>
  <datafield tag="520" ind1="3" ind2=" ">
   <subfield code="a">The effects of different flour additives on the Farinograph. Alveograph and Extensograph properties of BL 80 flour were evaluated. The purpose of the study was to evaluate the way and degree of their influences to establish a subsequent research on their possible substitution by natural ingredients. We found that the effects of flour additives can be measured by rheologic methods and the extends of changes determined by different methods are similar.</subfield>
  </datafield>
  <datafield tag="695" ind1=" " ind2=" ">
   <subfield code="a">Mérnöki tudományok, Kémia</subfield>
  </datafield>
  <datafield tag="700" ind1="0" ind2="1">
   <subfield code="a">Győri Zoltán</subfield>
   <subfield code="e">aut</subfield>
  </datafield>
  <datafield tag="856" ind1="4" ind2="0">
   <subfield code="u">http://acta.bibl.u-szeged.hu/11898/1/engineering_2012_001_002_074-079.pdf</subfield>
   <subfield code="z">Dokumentum-elérés </subfield>
  </datafield>
 </record>
</collection>
